Toute la discograpie de PLK - Statistiques

Statistiques générales
  • Ce quiz a été pris 222 fois
  • Le résultat moyen est 66 sur 142
Statistiques - réponses
Albums / EPs / Mixtapes Titres % Correct
Le P
97%
Polak
89%
EP - 2069' (2023) POL-AK
89%
Émotif
82%
1€ / 1Eu
79%
Copine
77%
Monégasque
74%
Ténébreux
73%
Un peu de haine
73%
Nouvelles
71%
Mental
68%
Problèmes
68%
Attentat
67%
Demain
66%
Dingue
66%
Album - Polak (2018) Intro
66%
Mamie
66%
Pilote
66%
Bunkoeur
64%
Tout recommencer
64%
On sait jamais
63%
Idiote
62%
Faut pas
59%
Hier
59%
Aimer
58%
La nuit
58%
A A A
56%
Ça mène à rien
56%
Il pleut à Paris
56%
All Night
55%
Casino
55%
Hola
55%
Pourtant
55%
Go
53%
Pelo
53%
Billet d'20
52%
7/7
51%
Chandon et Moët
51%
Ils nous comprennent pas
51%
Le sel
51%
Platinum
51%
Sans suite
51%
Toutes générations
51%
250
49%
Arai
49%
Bikini Bottom
49%
Album - Enna Boost (2021) Boost
49%
Cash
49%
Dis-moi oui
49%
En mieux
49%
Hubert et Saïd
49%
Pas ce soir
49%
260
48%
A la base
48%
Album - Enna (2020) Bénef
48%
Décembre
48%
Mixtape - Chambre 140 [pt.1] (2024) EA7
48%
Les comptes
48%
Nana
48%
Pas les mêmes
48%
R.A.F
48%
Waow
48%
Weed
48%
Yeux
48%
Flash
47%
Panama bende
47%
Toute l'année
47%
TT
47%
Chouchou
45%
Incontrolables
45%
Mignon tout plein
45%
Périph
45%
Séparer
45%
Mixtape - Chambre 140 [pt.2] (2024) Chambre 140
44%
Du mal
44%
Gozier
44%
Cartelo
42%
C'est mort
42%
Bonus Enfant du hall
42%
10 minutes
41%
Mixtape - Ténébreux (2017) Amigo
41%
Dans les clips
41%
Dégaine de bandit
41%
Mixtape - Mental (2019) Intr100000
41%
Izé
41%
Ma génération
41%
Terrible
41%
V2V
41%
Alleluia
40%
Au fond d'ma tête
40%
Enna
40%
En ville
40%
J'attends
40%
Meilleur cauchemar
40%
Mentalité
40%
Olcho Gvng
40%
Onana
40%
Mixtape - Platinum (2018) Pas besoin
40%
EP - Peur de me tromper (2015) Peur de me tromper
40%
Temps perdu
40%
Calme
38%
Corazon
38%
Pas de sentiments
38%
Travailler
38%
Une pêche une patate
38%
10 millions
37%
Amérique
37%
Ça fait longtemps
37%
Fin de mois
37%
High
37%
P*tain
37%
3 en 1
36%
Avec moi
36%
Gare du Nord
36%
Homies
36%
Interlude*
36%
Interlude***
36%
Interlude*****
36%
La rue
36%
RS3
36%
Si ça marche plus
36%
À l'envers
34%
Dangereux
34%
Flamenco
34%
Faut croire
33%
La vie c'est marrant
33%
EP - Dedans (2016) Plata o Plomo
33%
Sun
33%
Perdu
32%
Colis piégés
30%
Juste Un Petit Peu
30%
Mon poto
29%
Niveau
29%
Shérif
29%
Skuu
29%
Avec les miens
27%
C'est grave
27%
Hall
25%
Dylan
19%
Gitanerie
16%
La vrai vie
16%
Palm Trees remix
4%
Aucun quiz correspondant
Distribution des résultats
% des personnes avec chaque résultat
Percentile par nombre de réponses
Votre historique - résultats
Vous n’avez pas pris ce quiz